000 00795nam a22002777a 4500
001 BR5100009
003 BR-BrBNA
005 20230928082938.0
007 ta
008 230509b bl.||||| |||| 00| 0 por d
040 _aBR-BrBNA
_bpor
_cBiblioteca Nacional de Agricultura
041 _a(Por)
072 _aE50
_b/G514
090 _ E50 BR5100009
100 1 _aCarvalho, J.C.M.
110 1 _aMuseu Nacional, Rio de Janeiro, GB (Brasil)
_97645
245 1 _aRelacoes entre os indios do Alto Xingu e a fauna regional [Sociologia rural]
260 3 _aRio de Janeiro, GB (Brasil):
_c1951.
300 _a42 p.
500 _a10 illus.; Includes glossary
650 _aSociologia rural
650 _aFauna
650 _aAlto Xingu
909 _a202309
_bLucia
_c55
_dLucia Elande
942 _cBK
999 _c10756
_d10756